000 04803cam a22012134i 4500
003 PE-LiUPU
005 20250813185512.0
008 150625s r 000 0 d
020 _a9799972500342
035 _a(Sirsi) i9789972500343
040 _aPE-LiUPU
_bspa
_cPE-LiUPU
_erda
049 _aPRUA
082 0 4 _a353.70985
_bB95
_221
100 1 _aBustíos Romaní, Carlos,
_d1933- ,
_eautor.
245 1 0 _aCuatrocientos años de la salud pública en el Perú /
_cCarlos Bustíos Romaní ; con la colaboración, Jorge Miano Trelles, Elías Sifuentes Valverde, Manuel Salcedo Contreras .. [et al.].
264 1 _aLima :
_bFondo Editorial, Universidad Nacional Mayor de San Marcos, CONCYTEC,
_c2004.
300 _a707 páginas :
_bilustraciones, (algunas col.), facsíms., retrs. ;
_c22 centímetros
336 _atext
_2rdacontent
337 _aunmediated
_2rdamedia
338 _avolume
_2rdacarrier
490 0 _aCoediciones
504 _aIncluye referencias bibliográficas.
505 0 _aLa higiene pública en el perú colonial y en su contexto. -Mundo occidental, higiene y sanidad. -El Perú durante la Colonia. -Sociedad estamental y discriminatoria. -La policía sanitaria en la Colonia. -Control de las grandes plagas y las endemias en el Perú colonial. -higiene ambiental en el perú colonial. -Entidades vinculadas con la higiene pública colonial. -La beneficencia colonial. -Ideas sobre la higiene y la beneficencia en el Perú colonial. -La sanidad en los inicios de la República peruana. 18218-1876. -Mundo occidental y medicina social. -Perú: de la independencia nacional al final de la Reública práctica. -Sanidad en el Perú republicano: 1821-1876. -Control de las pestilencias y las endemias: Perú 1821-1876. -Higiene ambiental: Perú, 1821-1876. -Organismos vinculados con la Sanidad: Perú, 1821-1876. -Asistencia social en el perú: 1821-1876. -Ideas sobre la sanidad y la asistencia sociel en el Perú: 1821-1876. -Salud Pública en una República Oligárquica: Perú, 1877-1933. -Mundo occidental y salud pública. -Perú: de la guerra del Pacífico al final de la República oligárquica. -Bases demográficas y normativas de la Salud Pública peruana: 1877-1933. -Organización del servicio de Sanidad: Perú, 1877-1903. -Organización de la Dirección General de Salubridad: Perú, 1903-1933. -Institutos de vacuna: 1896-1933. -Control de enfermedades infectocontagiosas: Perú, 1877-1933. -Cuidado de la salud de las personas: Perú, 1877-1933. -Saneamiento ambiental: Perú, 1877-1933. -Entidades vinculadas con la Salud Pública: perú, 1877-1933. -Inicios del seguro social: Perú, 1911-1933. -Educación y universidad: Perú, 1877-1933. -Evolución de las ideas vinculadas con la Salud Pública: Perú, 1877-1933. -Salud en los proyestos antioligárquicos.
526 _aP202
526 _aP201
526 _aP163
526 _aP162
526 _aP161
526 _aP160
526 _aP148
526 _aP147
526 _aP146
526 _aP145
526 _aP144
526 _aP143
526 _aP142
526 _aP141
526 _aP140
526 _aP139
526 _aP138
526 _aP137
526 _aP136
526 _aP135
526 _aP134
526 _aP133
526 _aP129
526 _aP128
526 _aP127
526 _aP120
526 _aP119
526 _aP118
526 _aP116
526 _aP115
526 _aP114
526 _aP110
526 _aP109
526 _aP108
526 _aP104
526 _aP103
526 _aP102
526 _aP99
526 _aP98
526 _aP97
526 _aP96
526 _aP95
526 _aP93
526 _aP90
526 _aP89
526 _aP88
526 _aP83
526 _aP82
526 _aP62
526 _aP59
526 _aP58
526 _aP57
526 _aP51
526 _aP49
526 _aP48
526 _aP47
526 _aP29
526 _aP24
526 _aP20
526 _aP19
526 _aP17
526 _aP15
526 _aP14
526 _aP12
526 _aP10
526 _aP09
526 _aP08
526 _aP07
526 _aP06
526 _aP05
526 _aP04
526 _aP01
650 0 4 _aSalud pública
_zPerú
_xHistoria
_y1533-1933.
700 1 _aMiano Trelles, Jorge,
_d1944- ,
_ecolaborador.
700 1 _aSalcedo Contreras, Manuel1932- ,
_ecolaborador.
700 1 _aSifuentes Valverde, Elías1931- ,
_ecolaborador.
942 _2ddc
_cBK
949 _a353.70985 B95
_wDEWEY
_c1
_i55669
_lCCODEBUL1
_mBUL
_p11.00
_r0
_sY
_tBOOK
_u2015-6-25
_xEDUCACION
_zUNKNOWN
_0COMPRA
_o.STAFF. Colección General
999 _c44527
_d44527
980 _81
_gALBERTO SANCHEZ Responsable de Automatización